| 000 | 00621nam a22002297a 4500 | ||
|---|---|---|---|
| 005 | 20170124110040.0 | ||
| 010 | _a404562 | ||
| 020 | _c00.00 | ||
| 035 | _a404562 | ||
| 037 | _bCen Lib/Ret | ||
| 040 |
_aDPL _bEN |
||
| 082 |
_a882.08 _bWEL |
||
| 100 |
_aWells, Henry W. _923501 |
||
| 245 |
_aClassical drama of the orient / _cby Henry W. Wells |
||
| 260 |
_aBombay _bAsia Publishing House _c1965 |
||
| 270 | _bBombay | ||
| 300 |
_a347p. _c21cm(Hb) |
||
| 500 | _aIncludes index | ||
| 650 |
_aEnglish literature _9101997 |
||
| 650 |
_aEnglish drama _9101998 |
||
| 942 |
_2ddc _cEN _h882.08 _mWEL |
||
| 999 |
_c128472 _d128472 |
||